00701nam a2200229 a 4500001001300000003000900013005001700022008004100039020000800080082001600088100002200104245007900126260004700205300000900252500003500261505001000296700002200306902000800328942000700336952011300343999001500456nice12345678IN_TiNIC20260116012353.0050524s1986 sina grp 000 0 eng  ac000a270.82bSTE aStephens, Barbara aFinding the Way Togetherb Education for Ecumenical Understanding & Action aSingapurbChristian Conference Indiac1986 a286p aincludes index and biblioraphy2 aIndex1 aStephens, Barbara bSRS cBK 001040708StackRoom-aHMIbHMId2005-05-24g0.00l0o270.82 STEp012663r2005-05-24v0.00w2005-05-24yBK c6738d6738